| 000 | 00875nam a22002657a 4500 | ||
|---|---|---|---|
| 001 | 9183 | ||
| 003 | FISKH | ||
| 005 | 20251127150336.0 | ||
| 008 | 251127b cb ||||| |||| 00| 0 eng d | ||
| 020 | _a9780439159449 | ||
| 040 |
_aFISKH _beng _cFISKH _dFISKH |
||
| 050 | _aQA557 .D65 | ||
| 082 | _a516.15 | ||
| 100 |
_aDotlich, Rebecca Kai _eAuthor |
||
| 245 |
_aWhat is round? / _cby Rebecca Kai Dotlich ; Photographs by Maria Ferrari |
||
| 260 |
_aNew York : _bScholastic Inc. , _c1999 |
||
| 300 |
_a22 unnumbered pages : _bphotographs ; _c21 cm |
||
| 505 | _aE | ||
| 520 | _aFor children learning to recognize circles and other round shapes, this lyrical poem with photographs identifies a variety of familiar objects. | ||
| 521 | 8 |
_a510
_bLexile |
|
| 521 | 8 |
_aE
_bRaz-Plus |
|
| 700 |
_aFerrari, Maria _ePhotographer |
||
| 942 |
_2ddc _cBK _n0 |
||
| 999 |
_c9183 _d9183 |
||